CBN_TIN_K29 - Statistics

General Stats
  • This quiz has been taken 11 times
  • The average score is 16 of 36
Answer Stats
Hint Answer % Correct
england rain anh vu
80%
98 cong anh
80%
d*ck head hieu dau cac
80%
the oldest person in the class chi thuy ve
70%
professor lan hung
70%
a fish (who has nickname "thick lips") manh
70%
tupeo nguyen kieu ngoc cam tu
70%
tea village girl ntkl
70%
ben 10 thien phong
70%
pear success cong le
60%
rapper thank phong
60%
pink grace hong duyen
50%
temple mieu
50%
fattest dumpy in the class minh duc
50%
corn literature germany ngo van duc
50%
sir quoc-chinh sama
50%
curly hair huy lon
40%
engrave forest wind phong lon
40%
south has hieu pc, north has .... rang laptop
40%
has biggest eyes in the class ruy khoa
40%
mrs. Cuc's nephew (so stubborn) suc vat dau dong
40%
final boss abao sensei
30%
dynamic programming (the 'liemest' person in the class anh dong
30%
a town in Ha Tinh province cam xuyen
30%
only you duy anh
30%
the disabled gnuh
30%
member of the most vip tribe in Vietnam (damthan group) minh tam
30%
New debuted singer mono aka viet hoang
30%
tao tao la tuan
30%
lice thay chi
30%
a minister wanghai
30%
do biet day la ai anh sy hai
20%
chairman duc thai
20%
? khac thu
20%
thermos lac phic
20%
person who speaks with a lisp thi hoa
20%
No matching quizzes found
Score Distribution
Percent of People with Each Score
Percentile by Number Answered
Your Score History
You have not taken this quiz